Pays en 5 lettres - Statistiques

Statistiques générales
  • Ce quiz a été pris 122 fois
  • Le résultat moyen est 18 sur 26
Statistiques - réponses
Pays en 5 lettres: % Correct
Chine
86%
Maroc
85%
Japon
84%
Grèce
81%
Libye
79%
Chili
76%
Liban
76%
Pérou
76%
Yémen
75%
Bénin
74%
Qatar
73%
Suède
72%
Syrie
71%
Fidji
70%
Kenya
68%
Gabon
67%
Haïti
67%
Malte
67%
Niger
66%
Ghana
65%
Népal
65%
Tchad
64%
Tonga
63%
Samoa
62%
Congo
53%
Nauru
53%
Aucun quiz correspondant
Distribution des résultats
% des personnes avec chaque résultat
Percentile par nombre de réponses
Votre historique - résultats
Vous n’avez pas pris ce quiz